000 01146nam a22003017a 4500
001 BD-DhSAU 9032
003 BD-DhSAU
005 20190515142657.0
008 150612b2017 bg a||||r|||| 000 0 eng d
040 _aBD-DhSAU
082 _222
_a631.4
_bT59
100 _aToma , Kamrunnaher
_4Registration No: 16-07565
245 _aEffect of Biochar on Growth and Yield of Mungbean (BARI Mung-6)/
_cToma , Kamrunnaher
_bMs Thesis
260 _aSher-e- Bangla Agricultural University :
_bDepartment of Soil science,
_c2017.
300 _avii , 50 p. :
_bill. ,
_c30 cm.
500 _aMS thesis of Department of Soil Science, Faculty of Agriculture, Sher-e-Bangla Agricultural University, Dhaka, Bangladesh
504 _aIncludes bibliographical references.
590 _aShofi
650 _aSoil Science
650 _aEffect
650 _aBiochar
650 _aMungbean (BARI Mung-6)
650 _aGrowth and Yield
700 _a Mosharraf , Mohammad
_eSupervisor
700 _aPaul , Alok Kumar
_eCo-Supervisor
856 _uhttp://archive.saulibrary.edu.bd:8080/xmlui/handle/123456789/2493
_yOnline Access
942 _2ddc
_cTHESIS
999 _c14653
_d14652